00780nam a2200229 i 4500001000700000003000900007005001700016007000300033008004100036080001200077100002400089245006600113260004200179300002200221490002800243500002900271650004000300830003600340852003300376999001900409952012200428105910ES-MaACL20230906184016.0t|060912s1973 fr ||||1| fre d a341.2321 aFuchs, Yves.95281413aLa coopération, aide ou néo-colonialisme? / cYves Fuchs. aParis : bEditions Sociales, c[1973] a190 p. ; c18 cm.1 aNotre temps/Monde ; v5 aBiblioteca Juan Andrade. 4aCooperación internacional.9113500 aNotre temps/Monde ; v59232783 aES-MaACLjAND-932 bR.110220 c105910d105910 00104070aATENEOMbATENEOMcDEPO2d2008-01-17eSCl0oAND-932p1110571r2023-02-23 00:00:00w2023-02-23yMONOGRAFIA